Educación Matemática 7º Básico: guía del profesor
Guardat en:
| Autors principals: | , |
|---|---|
| Format: | Llibre |
| Idioma: | espanyol |
| Publicat: |
Santiago
Santillana
2008
|
| Matèries: | |
| Etiquetes: |
Afegir etiqueta
Sense etiquetes, Sigues el primer a etiquetar aquest registre!
|
MARC
| LEADER | 00000nam a2200000 a 4500 | ||
|---|---|---|---|
| 001 | UCI5594 | ||
| 003 | CL-VaPUC | ||
| 008 | 080404e20080000CL |||||||||||||||||spa|d | ||
| 020 | |a 9789561513693 | ||
| 082 | 0 | 4 | |a 372.7 |b BAE |2 21 |
| 100 | 0 | |a Baeza Peña, Angela Rossana |e author |9 528076 | |
| 700 | 0 | |a Villena Ramírez, Marcia |e author |9 528077 | |
| 245 | 1 | 0 | |a Educación Matemática 7º Básico: guía del profesor |
| 300 | |a 208 p | ||
| 942 | |c BK | ||
| 945 | |d 20080404 00:00:00 |a rbrito | ||
| 260 | |a Santiago |b Santillana |c 2008 | ||
| 500 | |a Incluye texto para el estudiante | ||
| 650 | 0 | |a Matemáticas |x Enseñanza |9 875527 | |
| 650 | 0 | |a Matemática |9 260235 | |
| 650 | 0 | |a Educación básica |9 224933 | |
| 650 | 0 | |a Métodos de enseñanza |9 270413 | |
| 583 | |a last modification |c 20170816 01:02:41 |k Rodrigo Vera | ||
| 999 | |c 329334 |d 329332 | ||
| 952 | |0 0 |1 0 |4 0 |6 372_700000000000000_BAE_2008 |7 0 |8 A |9 413758 |a BIBEDU |b BIBEDU |d 2019-11-22 |i 4463994 |o 372.7 BAE 2008 |p 4463994 |r 2019-11-22 |w 2019-11-22 |y BK |k EDU | ||
| 952 | |0 0 |1 0 |4 0 |6 372_700000000000000_BAE_2008 |7 0 |8 A |9 413760 |a BIBEDU |b BIBEDU |d 2019-11-22 |i 446401K |o 372.7 BAE 2008 |p 446401K |r 2019-11-22 |w 2019-11-22 |y BK |k EDU | ||